| 000 | 00841nam a22002057a 4500 | ||
|---|---|---|---|
| 999 |
_c11793 _d11793 |
||
| 003 | AR-CdUCM | ||
| 008 | 190405b ||||| |||| 00| 0 spa d | ||
| 040 |
_aMUNICIPALIDAD PROVINCIAL DEL CUSCO _cBIBLIOTECA MUNICIPAL DEL CUSCO |
||
| 082 |
_a869.96 / _bZ18 / 1936 |
||
| 100 |
_aMartí, José _93892 |
||
| 245 |
_aGranos de oro : _bPensamientos seleccionados en las obras de José Martí / |
||
| 260 |
_aLa Habana : _bImpr. por la selección de artes gráfs. del C.S.T. del Instituto cívico militar, _c1943. |
||
| 300 |
_a87 paginas ; _c21 cm. |
||
| 505 | _aContenido :Epistolario de Jose Marti --Muerte del presidente Garfiel -- De la vida norteamericana --De artículos desconocidos / | ||
| 650 |
_aEnsayos cubanos _929340 |
||
| 650 |
_aSiglo XIX _9971 |
||
| 700 |
_aArgilagos, Rafael G. _929341 |
||
| 942 |
_2ddc _cLIBROS |
||
| 945 | _arjall | ||